000
00326nam a2200109Ia 4500
008
200302s9999 xx 000 0 und d
100
_a
Fleur Rossdale
245
_a
Classic Meets Contemporary 12 top Designers Create Interiors for Today
260
_b
Rizzoli International Publications Inc.
260
_c
1998
300
_a
192 P.,
999
_c
1013
_d
1013